000
00314nam a22001457a 4500
008
210511b ||||| |||| 00| 0 eng d
020
_a
9780314472175
041
_a
eng
080
_2
2nd
_a
32
082
_a
32
100
_a
20
101
_a
SHP
245
_a
Politics in America
_c
Le Loup,L.T
942
_2
udc
_c
BK
999
_c
57197
_d
57197